Towards a theology of universality : (Record no. 95014)

MARC details
000 -LEADER
fixed length control field 00802nam a22002177a 4500
005 - DATE AND TIME OF LATEST TRANSACTION
control field 20150908144103.0
010 ## - LCCN (DPL NO)
LC control number ENG-113514
020 ## - INTERNATIONAL STANDARD BOOK NUMBER
Terms of availability 1650.00
International Standard Book Number 9789351480112
020 ## - INTERNATIONAL STANDARD BOOK NUMBER
Terms of availability 1650.00
International Standard Book Number 9351480119
035 ## - SYSTEM CONTROL NUMBER
System control number EN-97046
037 ## - SOURCE OF ACQUISITION
Source of stock number/acquisition DBAD/PUB
082 ## - DEWEY DECIMAL CLASSIFICATION NUMBER
Classification number 306.0954
100 ## - MAIN ENTRY--PERSONAL NAME
Personal name Suray, Joseph Basappa
245 ## - TITLE STATEMENT
Title Towards a theology of universality :
Statement of responsibility, etc by Joseph Basappa Suray
Remainder of title John Wesley's socio-economic, political & moral insights on British class & Indian caste distinctions /
260 ## - PUBLICATION, DISTRIBUTION, ETC. (IMPRINT)
Place of publication, distribution, etc New Delhi
Name of publisher, distributor, etc Christian World Imprints
Date of publication, distribution, etc 2015
270 ## - ADDRESS
Address H-12 Bali Nagar
City New Delhi
Postal code 110015
300 ## - PHYSICAL DESCRIPTION
Extent xxxiv,486p.
Dimensions 24cm(Hb)
490 ## - SERIES STATEMENT
Series statement Christian heritage rediscovered-5
500 ## - GENERAL NOTE
General note Includes bibliographical references and index
942 ## - ADDED ENTRY ELEMENTS (KOHA)
Source of classification or shelving scheme Dewey Decimal Classification
Item type English Books
Call number suffix SUR
Classification part 306.0954
Holdings
Withdrawn status Lost status Not for loan Collection code Home library Current library Date acquired Source of acquisition Cost, normal purchase price Full call number Barcode Copy number Cost, replacement price Koha item type
    Not For Loan Non-fiction D.B.Act.Division D.B.Act.Division 16/07/2015 DBAD/PUB 1650.00 306.0954 SUR EN-97046 1 1650.00 English Books

© Delhi Public Library
Hit Counter
free hit counter